| 000 | 00515nam a22001577a 4500 | ||
|---|---|---|---|
| 005 | 20251108170932.0 | ||
| 008 | 250721s9999 xx 000 0 ara d | ||
| 082 | 1 | 4 | _aم/347/سنة |
| 100 | 1 | _aالسنهوري، عبد الرزاق أحمد | |
| 245 | 1 | 0 | _aالوسيط في شرح القانون المدني الجديد / |
| 264 | 1 |
_aبيروت : _bدار إحياء التراث العربي، _c[19-]. |
|
| 300 | _a10مج | ||
| 650 | 1 | 7 | _aالقانون المدني |
| 942 |
_2ddc _cREF |
||
| 999 |
_c52512 _d52512 |
||